000 00505naa a2200145Ia 4500
003 ES-SlBCS
005 20210601152806.0
008 140519s2009 xxu||||| |||| 00| 0 eng d
041 _aeng
100 1 _aFernández, Jordi
_9156502
245 0 0 _aIntropection
_cJordi Fernández
650 4 _aExperiencia Perceptiva
_9351263
773 0 _tThe Routledge Companion to Philosophy of Psychology : / John Symons, Paco Calvo
_dLondon : Routledge, 2009
_g, págs. 509-521
_z978-0-415-39632-5
_wVA68213
942 _cAC
999 _c781117
_d781117